00687nam a2200229Ia 4500003000900000008004100009040001300050040001300063041000800076100002600084245003400110250001000144260001200154260000900166300001100175300001000186490002800196490000600224942000700230999001700237952020300254IT-RoPAU120407s9999 xx 000 0 und d aIT-RoPAU cIT-RoPAU afra aIda Friederike Gorres aSur le célibat des pretres. aParis aDu Cerf c1963 a107 p. c20 cm aLumière de la foi, 11 v1 cBK c24221d24221 00102ddc406253_200000000000000_3471aPAULUSbPAULUSd2012-04-11l0o253.2.34r2012-04-11 00:00:00w2012-04-11yBKzInserito da: Anna In data: 12 settembre 2011 fondo: Via A.Severo 56 Progr:34334